La buena administracin̤ del urbanismo Principios y realidades jurd̕icas /

Detalles Bibliográficos
Autor principal: Fernǹdez Carballal, Almudena
Otros Autores: Rodrg̕uez-Arana Muǫz, Jaime
Formato: eBook
Lenguaje:español
Publicado: Madrid: Instituto Nacional de Administracin̤ Pb︢lica (INAP), 2018
Materias:
Acceso en línea:Acceso restringido

MARC

LEADER 00000nam a22000007a 4500
005 20190411130117.0
007 cr|||| ||||
008 190411s2018 es |||||s|||| 00||0 spa d
020 |a 978-84-7351-658-7 
035 |a 23112 
040 |a vLex 
090 |c 8603  |d 8603 
100 1 |a Fernǹdez Carballal, Almudena 
245 1 2 |a La buena administracin̤ del urbanismo  |h [Recurso electrn̤ico] :  |b Principios y realidades jurd̕icas /  |c Almudena Fernǹdez Carballal, Jaime Rodrg̕uez-Arana Muǫz 
256 |a Servicio en ln̕ea 
260 |a Madrid:  |b Instituto Nacional de Administracin̤ Pb︢lica (INAP),  |c 2018 
300 |a 1 recurso electrn̤ico 
506 1 |a Disponible solo en los productos indicados  |d vLex Global  |d vLex Global (Academic Edition, excluding Law Schools)  |d vLex Global (U.S. Academic Edition, Law Schools)  |d vLex Global (U.S. Academic Edition, excluding Law Schools)  |d vLex Global (Academic Edition, Law Schools) 
650 0 4 |a Derecho Pb︢lico y Administrativo  |z Espaą 
650 0 4 |a Urbanismo  |z Espaą 
700 1 |a Rodrg̕uez-Arana Muǫz, Jaime 
740 0 |a vLex Libros (Servicio en ln̕ea) 
856 4 0 |u http://vlex.com/source/buena-administracion-del-urbanismo-principios-y-realidades-juridicas-23112  |z Acceso restringido 
942 |c BOOK 
999 0 |a Public and Administrative Law 
999 0 |a Urbanism